Detalles MARC
| 000 -LIDER |
| fixed length control field |
01037nam a2200289 a 4500 |
| 001 - NÚMERO DE CONTROL |
| Identificador de número de control |
000038632 |
| 003 - IDENTIFICACDOR DE NÚMERO DE CONTROL |
| control field |
DO-SdBNP |
| 005 - DATE AND TIME OF LATEST TRANSACTION |
| control field |
20180402082434.0 |
| 007 - CAMPOS FIJOS DE DESCRIPCIÓN FÍSICA |
| fixed length control field |
000038632 |
| 008 - ELEMENTOS DE LONGITUD FIJA |
| fixed length control field |
130416s2012 dr a 000 0 spa d |
| 010 ## - NUMERO DE CONTROL DE BIBLIOTECA DEL CONGRESO |
| LC control number |
|
| 040 ## - FUENTE DE CATALOGACIÓN |
| Agencia que crea de manera original el registro |
BPMSU |
| Idioma de catalogación |
spa |
| Agencia que realiza la transcripción |
BPMSU |
| 100 1# - ASIENTO PRINCIPAL -- NOMBRE PERSONAL |
| Nombre personal |
Mendéz, Rosa Esther |
| 245 13 - MENCIÓN DE TITULO |
| Título |
Un medio ambiente sano : |
| Subtítulo |
comics sobre la conservación de la reserva de biófera Jaragua, Bahoruco-Enrriquillo, escrito por niños, niñas y dadolescentes, en el marco del proyecto / |
| Mención de responsabilidad |
Rosa Esther Méndez, Jenifer Edileisy Heredia ; ilustraciones Adan Javier Hernández. |
| 260 ## - PUBLICACIÓN, DISTRIBUCIÓN, ETC. (PIE DE IMPRENTA) |
| Lugar de publicación, distribución, etc |
Santo Domingo : |
| Nombre del editor, distribuidor, etc. |
Cesar ONG., |
| Fecha de publicación, distribución, etc |
2012. |
| 300 ## - DESCRIPCIÓN FÍSICA |
| Extensión |
39 p. : |
| Otros detalles físicos |
il. ; |
| Dimensiones |
25 cm. |
| 700 12 - ASIENTO SECUNDARIO -- NOMBRE PERSONAL |
| Nombre personal |
Edileisy Heredia, Jenifer |
| 700 12 - ASIENTO SECUNDARIO -- NOMBRE PERSONAL |
| Nombre personal |
Hernández, Adan Javier |
| Mención de responsabilidad |
il. |
| 930 #1 - EQUIVALENCE OR CROSS-REFERENCE-UNIFORM TITLE HEADING [LOCAL, CANADA] |
| Language of a work |
|
| Medium of performance for music |
|
| Field link and sequence number |
|
| Date of a work |
|
| Name of part/section of a work |
|
| Miscellaneous information |
|
| 930 #1 - EQUIVALENCE OR CROSS-REFERENCE-UNIFORM TITLE HEADING [LOCAL, CANADA] |
| Language of a work |
|
| Medium of performance for music |
|
| Field link and sequence number |
|
| Date of a work |
|
| Name of part/section of a work |
|
| Miscellaneous information |
|
| 930 #1 - EQUIVALENCE OR CROSS-REFERENCE-UNIFORM TITLE HEADING [LOCAL, CANADA] |
| Language of a work |
|
| Medium of performance for music |
|
| Field link and sequence number |
|
| Date of a work |
|
| Name of part/section of a work |
|
| Miscellaneous information |
|
| 942 ## - ADDED ENTRY ELEMENTS (KOHA) |
| Source of classification or shelving scheme |
Dewey Decimal Classification |
| Koha item type |
Libros |
| 945 ## - INFORMACIÓN DE PROCESAMIENTO LOCAL |
| Información de procesamiento local |
Inventariado juvenil dom / 2017 |
| 956 ## - LOCAL ELECTRONIC LOCATION AND ACCESS (OCLC) |
| Nombre de host |
|
| Número de acceso |
|
| Información de compresión |
|
| Inicio de sesión |
|
| Procesador de solicitud |
|
| 956 ## - LOCAL ELECTRONIC LOCATION AND ACCESS (OCLC) |
| Nombre de host |
|
| Número de acceso |
|
| Información de compresión |
|
| Inicio de sesión |
|
| Procesador de solicitud |
|
| 956 ## - LOCAL ELECTRONIC LOCATION AND ACCESS (OCLC) |
| Nombre de host |
VMATEO |
| Número de acceso |
10 |
| Información de compresión |
20150511 |
| Inicio de sesión |
BPMSU |
| Procesador de solicitud |
00151 |